Sao Paulo in the Brazilian Federation, 1889-1937 / (Record no. 1847)

MARC details
000 -LEADER
fixed length control field 00757nam a2200229 a 4500
003 - CONTROL NUMBER IDENTIFIER
control field BD-DhJNU
005 - DATE AND TIME OF LATEST TRANSACTION
control field 20250630045910.0
008 - FIXED-LENGTH DATA ELEMENTS--GENERAL INFORMATION
fixed length control field 801001s1980 caua b 001 0 eng
010 ## - LIBRARY OF CONGRESS CONTROL NUMBER
LC control number 78066177
020 ## - INTERNATIONAL STANDARD BOOK NUMBER
International Standard Book Number 0804709912
040 ## - CATALOGING SOURCE
Original cataloging agency BD-DhJNU
Language of cataloging ENG
Transcribing agency BD-DhJNU
Modifying agency BD-DhJNU
082 00 - DEWEY DECIMAL CLASSIFICATION NUMBER
Classification number 981.6105 LOS
Edition number 23
100 1# - MAIN ENTRY--PERSONAL NAME
Personal name Love, Joseph LeRoy.
245 10 - TITLE STATEMENT
Title Sao Paulo in the Brazilian Federation, 1889-1937 /
Statement of responsibility, etc. Joseph L. Love.
260 ## - PUBLICATION, DISTRIBUTION, ETC.
Place of publication, distribution, etc. Stanford, Calif. :
Name of publisher, distributor, etc. Stanford University Press,
Date of publication, distribution, etc. 1980.
300 ## - PHYSICAL DESCRIPTION
Extent xx, 398 p. :
Other physical details ill. ;
Dimensions 24 cm.
504 ## - BIBLIOGRAPHY, ETC. NOTE
Bibliography, etc. note Bibliography: p. [355]-377.
500 ## - GENERAL NOTE
General note Includes index.
651 #0 - SUBJECT ADDED ENTRY--GEOGRAPHIC NAME
Geographic name S ao Paulo (Brazil : State)
General subdivision Economic conditions.
651 #0 - SUBJECT ADDED ENTRY--GEOGRAPHIC NAME
Geographic name S ao Paulo (Brazil : State)
General subdivision Politics and government.
942 ## - ADDED ENTRY ELEMENTS (KOHA)
Koha item type Books
Holdings
Withdrawn status Lost status Source of classification or shelving scheme Damaged status Not for loan Collection Home library Current library Shelving location Date acquired Source of acquisition Total checkouts Full call number Barcode Date last seen Copy number Price effective from Koha item type
    Dewey Decimal Classification     Non-fiction Jagannath University Central Library Jagannath University Central Library General stacks 06/30/2025 Purchased   981.6105 LOS JNUCL1659 06/30/2025 1 06/30/2025 Books